Miasta Aglomeracji Krakowskiej. - Statystyki

Ogólne statystyki
  • Ten quiz został rozwiązany 507 razy
  • Średni wynik to 7 z 17
Statystyki odpowiedzi
Ludność Miasto % Poprawnych
780 981 Kraków
93%
23 849 Wieliczka
93%
24 310 Skawina
77%
13 564 Niepołomice
64%
18 366 Myślenice
54%
35 170 Olkusz
43%
36 575 Chrzanów
40%
9 975 Krzeszowice
40%
18 692 Wadowice
37%
4 321 Słomniki
33%
19 663 Trzebinia
30%
2 438 Świątniki Górne
28%
3 344 Alwernia
26%
6 427 Dobczyce
25%
4 493 Kalwaria Zebrzydowska
23%
3 664 Zator
19%
6 633 Sułkowice
13%
Nie znaleziono quizów pasujących do podanych kryteriów
Rozkład punktacji
Procent ludzi z każdym wynikiem
Percentyl według liczby udzielonych odpowiedzi
Twoja historia wyników
Nie rozwiązałeś tego quizu